[Event "USCL Quarterfinals"]
[Site "?"]
[Date "2012.11.14"]
[Round "?"]
[White "Kannappan, Priyadharshan"]
[Black "Altounian, Levon"]
[Result "0-1"]
[WhiteElo "2457"]
[BlackElo "2493"]
[PlyCount "152"]
[EventDate "2012.??.??"]

1. Nf3 Nf6 2. e3 g6 3. b4 Bg7 4. Bb2 O-O 5. c4 d6 6. d3 c5 7. a3 b6 8. Be2 Bb7
9. O-O Nc6 10. Qb3 e6 11. Nc3 Qe7 12. Rfd1 Rfd8 13. Rac1 Rab8 14. Nd2 Ne8 15.
Bf3 f5 16. Nf1 g5 17. Bxc6 Bxc6 18. d4 Nf6 19. d5 exd5 20. Nxd5 Nxd5 21. cxd5
Ba4 22. Qxa4 Bxb2 23. Rb1 Be5 24. bxc5 dxc5 25. Qc4 Qf7 26. a4 Rd6 27. Rd3 Rbd8
28. Rbd1 g4 29. g3 h5 30. h4 Kh7 31. Nd2 Bg7 32. Nb1 Re8 33. Na3 Re4 34. Qc2
Rd7 35. d6 Kg6 36. a5 Rb4 37. axb6 axb6 38. Rd5 Bd4 39. e4 fxe4 40. Qxe4+ Kh6
41. R1xd4 Rxd4 42. Rxd4 cxd4 43. Qxd4 Kh7 44. Qe5 Ra7 45. Nc2 Ra2 46. d7 Qxd7
47. Qxh5+ Kg7 48. Ne3 Ra5 49. Qxg4+ Qxg4 50. Nxg4 Ra1+ 51. Kg2 b5 52. Kf3 b4
53. Ne5 Re1 54. Nd3 b3 55. g4 Kh6 56. Kf4 Re2 57. g5+ Kg7 58. Kf3 Rc2 59. h5 b2
60. Nxb2 Rxb2 61. Kg3 Kf7 62. f3 Ke6 63. Kg4 Rg2+ 64. Kf4 Rh2 65. Kg4 Rg2+ 66.
Kf4 Rg1 67. h6 Rg2 68. h7 Rh2 69. Kg4 Rxh7 70. f4 Rh1 71. f5+ Ke5 72. f6 Ke6
73. Kf4 Rf1+ 74. Ke4 Rf5 75. f7 Rxf7 76. g6 Rg7 0-1

[Event "USCL Quarterfinals"]
[Site "?"]
[Date "2012.11.14"]
[Round "?"]
[White "Mohandesi, Shahin"]
[Black "Bregadze, Levan"]
[Result "1-0"]
[WhiteElo "2399"]
[BlackElo "2416"]
[PlyCount "125"]
[EventDate "2012.??.??"]

1. c4 Nf6 2. g3 c6 3. Bg2 d5 4. Qc2 dxc4 5. Na3 g6 6. Nxc4 Bg7 7. Nf3 O-O 8.
O-O Nbd7 9. d3 Nb6 10. Na5 Nbd5 11. Bd2 c5 12. Nc4 b6 13. a3 Bb7 14. b4 Nd7 15.
Rab1 Rc8 16. Qb3 Nc7 17. Rfc1 Ne6 18. Qd1 Rc7 19. Qf1 Qa8 20. Be3 Rfc8 21. b5
Nd4 22. Bxd4 cxd4 23. a4 Bd5 24. a5 Rc5 25. a6 Qb8 26. Nfd2 Bh6 27. Bxd5 Rxd5
28. Rc2 Bxd2 29. Rxd2 Rcc5 30. Rdb2 Ne5 31. Nd2 Qe8 32. Qg2 Kg7 33. Qe4 Qd7 34.
Kg2 Rxb5 35. Rxb5 Rxb5 36. Rxb5 Qxb5 37. Qxd4 f6 38. Qd8 Qd7 39. Qb8 Nc6 40.
Qa8 b5 41. f3 b4 42. Kf1 Nd4 43. Qb7 Qh3+ 44. Ke1 Qe6 45. e4 Nc6 46. Nc4 b3 47.
Kd2 Qh3 48. Kc3 Qxh2 49. Kxb3 Nd4+ 50. Kc3 Ne2+ 51. Kb4 Qg1 52. Qxe7+ Kg8 53.
Qxf6 Qb1+ 54. Kc5 Qg1+ 55. Kc6 Nd4+ 56. Kb7 Qb1+ 57. Kxa7 Qxd3 58. Nb6 Nb5+ 59.
Kb8 Qa3 60. Qd8+ Kg7 61. Qd7+ Kh6 62. Qxb5 Qd6+ 63. Kb7 1-0

[Event "USCL Quarterfinals"]
[Site "?"]
[Date "2012.11.14"]
[Round "?"]
[White "Safin, Artur"]
[Black "Sinanan, Joshua"]
[Result "1/2-1/2"]
[WhiteElo "2333"]
[BlackElo "2263"]
[PlyCount "118"]
[EventDate "2012.??.??"]

1. e4 Nf6 2. e5 Nd5 3. d4 d6 4. Nf3 Bg4 5. Be2 e6 6. O-O Be7 7. c4 Nb6 8. Nc3
O-O 9. a4 a5 10. exd6 cxd6 11. b3 d5 12. c5 Bxf3 13. Bxf3 Nc8 14. Nb5 Nc6 15.
Bf4 Bf6 16. Ra2 N8e7 17. Bg4 Rc8 18. Bd6 b6 19. f4 g6 20. Kh1 Re8 21. Rd2 Nf5
22. Bxf5 exf5 23. cxb6 Qxb6 24. Bc5 Qa6 25. Nd6 Re4 26. Nxc8 Qxc8 27. g3 Qe6
28. h4 h5 29. Kh2 Re3 30. Qc2 Bxd4 31. Bxd4 Nxd4 32. Qd1 Qe4 33. Rdf2 Nxb3 34.
Rf3 Nd2 35. Qxd2 Rxf3 36. Re1 Rd3 37. Qxa5 Qf3 38. Rg1 Re3 39. Rg2 Kg7 40. Qd2
Rd3 41. Qb2+ d4 42. a5 Rd1 43. Qe2 Qxe2 44. Rxe2 d3 45. Ra2 Rc1 46. Kh3 Rc2 47.
Ra3 d2 48. Rd3 Ra2 49. a6 Kf6 50. a7 Rxa7 51. Rxd2 Ra3 52. Re2 Ra4 53. Rb2 Re4
54. Rb7 Re2 55. Ra7 Re7 56. Ra6+ Re6 57. Ra7 Re7 58. Ra6+ Re6 59. Ra7 Re7
1/2-1/2

[Event "USCL Quarterfinals"]
[Site "?"]
[Date "2012.11.14"]
[Round "?"]
[White "Lessler, Peter"]
[Black "Guenther, Travis"]
[Result "1-0"]
[WhiteElo "2177"]
[BlackElo "1969"]
[PlyCount "53"]
[EventDate "2012.??.??"]

1. d4 d5 2. c4 c6 3. Nc3 dxc4 4. e4 b5 5. a4 b4 6. Nb1 Nf6 7. e5 Nd5 8. Bxc4 e6
9. Nf3 Be7 10. O-O O-O 11. Qc2 a5 12. Re1 Bb7 13. Nbd2 Nd7 14. Ne4 h6 15. Ng3
Re8 16. Qe4 Bg5 17. Bxg5 hxg5 18. Qg4 Ba6 19. Bb3 Bd3 20. Nxg5 Nf8 21. Rac1 Ne7
22. Nxf7 Kxf7 23. Qf3+ Nf5 24. Nxf5 Bxf5 25. Qxf5+ Kg8 26. Qg4 Rc8 27. Rc5 1-0

[Event "USCL Semifinals"]
[Site "?"]
[Date "2012.11.19"]
[Round "?"]
[White "Bartell, Tom"]
[Black "Vovsha, Eli"]
[Result "1-0"]
[WhiteElo "2489"]
[BlackElo "2514"]
[PlyCount "79"]
[EventDate "2012.??.??"]

1. Nf3 Nf6 2. c4 g6 3. d4 Bg7 4. g3 d5 5. Bg2 O-O 6. cxd5 Nxd5 7. O-O Nb6 8.
Nc3 Nc6 9. Bf4 Be6 10. Rc1 Nd5 11. Nxd5 Bxd5 12. b3 h6 13. Qd2 g5 14. Be3 e6
15. Rfd1 Qd6 16. h4 f6 17. Qe1 Rad8 18. hxg5 fxg5 19. Bd2 Be4 20. Bc3 Rd7 21.
Ne5 Bxg2 22. Nxd7 Qxd7 23. Kxg2 Qf7 24. Rd3 g4 25. f4 Rd8 26. Rcd1 Ne7 27. e4
Qh5 28. d5 e5 29. Bxe5 Bxe5 30. fxe5 Qxe5 31. Qe3 Ng6 32. Qd4 Qd6 33. e5 Qxe5
34. Qxg4 Kh7 35. Qd4 Qg5 36. Rf1 Rd7 37. Rdf3 Rg7 38. Rf7 Nh4+ 39. Qxh4 Qxd5+
40. R7f3 1-0

[Event "USCL Semifinals"]
[Site "?"]
[Date "2012.11.19"]
[Round "?"]
[White "Costigan, Richard"]
[Black "King, Alex"]
[Result "1/2-1/2"]
[WhiteElo "2288"]
[BlackElo "2303"]
[PlyCount "66"]
[EventDate "2012.??.??"]

1. Nf3 d5 2. d4 Nf6 3. e3 Bf5 4. Bd3 Bxd3 5. Qxd3 c6 6. c4 e6 7. Nc3 Nbd7 8.
O-O Be7 9. e4 dxe4 10. Nxe4 c5 11. Be3 cxd4 12. Qxd4 Qc7 13. Rfd1 Nxe4 14. Qxe4
Nf6 15. Qe5 Qxe5 16. Nxe5 O-O 17. Kf1 Rfc8 18. Rac1 Bc5 19. Ke2 Bxe3 20. Kxe3
Kf8 21. Rc3 Ke7 22. Rcd3 Rc5 23. f4 g5 24. Re1 Rg8 25. g3 gxf4+ 26. Kxf4 Nh5+
27. Kf3 Rg5 28. Rde3 Ng7 29. b3 Rc7 30. g4 h5 31. h3 hxg4+ 32. hxg4 f6 33. Nd3
Rc6 1/2-1/2

[Event "USCL Semifinals"]
[Site "?"]
[Date "2012.11.19"]
[Round "?"]
[White "Sinanan, Joshua"]
[Black "Mohandesi, Shahin"]
[Result "1-0"]
[WhiteElo "2263"]
[BlackElo "2399"]
[PlyCount "65"]
[EventDate "2012.??.??"]

1. d4 Nf6 2. c4 e6 3. g3 d5 4. Nf3 dxc4 5. Bg2 c5 6. O-O Bd7 7. Ne5 Nc6 8. Nxc6
Bxc6 9. Bxc6+ bxc6 10. Qa4 cxd4 11. Qxc6+ Nd7 12. Qxc4 Bc5 13. b4 Bb6 14. Bb2
Rc8 15. Qd3 e5 16. a4 O-O 17. a5 Bc7 18. Qa6 Bb8 19. Na3 Nf6 20. Rac1 Qd7 21.
Rxc8 Rxc8 22. Rc1 Rxc1+ 23. Bxc1 Nd5 24. Bd2 Kf8 25. Nc4 Ke8 26. b5 Kd8 27. b6
axb6 28. Qa8 Kc7 29. axb6+ Kc8 30. b7+ Kc7 31. Ba5+ Kc6 32. Qxb8 Qxb7 33. Nxe5+
1-0

[Event "USCL Championship"]
[Site "Internet Chess Club"]
[Date "2012.12.01"]
[Round "?"]
[White "Feng, Roland"]
[Black "Costigan, Richard"]
[Result "1-0"]
[WhiteElo "2204"]
[BlackElo "2288"]
[PlyCount "79"]
[EventDate "2012.??.??"]

1. d4 d5 2. c4 c6 3. cxd5 cxd5 4. Nf3 Nf6 5. Nc3 Nc6 6. Bf4 e6 7. e3 Bd6 8. Bg3
O-O 9. Bd3 a6 10. Ne5 Qc7 11. f4 g6 12. Bh4 Ne8 13. O-O f6 14. Nxc6 bxc6 15.
Rc1 Bd7 16. Qe2 Qa7 17. Na4 Ng7 18. Nc5 Bc8 19. e4 e5 20. exd5 cxd5 21. fxe5
fxe5 22. Rxf8+ Kxf8 23. Bg3 Bxc5 24. Rxc5 e4 25. Bc2 Be6 26. Bb3 Rd8 27. Qf1+
Kg8 28. Be5 Qf7 29. Qxf7+ Bxf7 30. Ra5 Rc8 31. Kf2 Rc6 32. Rxd5 Rc2+ 33. Bxc2
Bxd5 34. Bxg7 Kxg7 35. Ke3 Kf6 36. b3 Kf5 37. Bxe4+ Bxe4 38. g4+ Kxg4 39. Kxe4
h5 40. d5 1-0

[Event "USCL Championship"]
[Site "Internet Chess Club"]
[Date "2012.12.01"]
[Round "?"]
[White "Orlov, Georgi"]
[Black "Fisher, William"]
[Result "1/2-1/2"]
[WhiteElo "2523"]
[BlackElo "2445"]
[PlyCount "181"]
[EventDate "2012.??.??"]

1. e4 e5 2. Nf3 Nf6 3. Nxe5 d6 4. Nf3 Nxe4 5. Nc3 Nxc3 6. dxc3 Be7 7. Be3 O-O
8. Qd2 Nc6 9. O-O-O Ne5 10. Nd4 d5 11. h3 c5 12. Nb3 c4 13. Nd4 Ng6 14. f4 f5
15. g4 fxg4 16. hxg4 Nxf4 17. Nf5 Bxf5 18. gxf5 Rxf5 19. Kb1 Bg5 20. Qh2 h6 21.
Bxc4 Qe7 22. Bxf4 dxc4 23. Bxg5 Rxg5 24. Rhe1 Rd5 25. Rc1 Qd7 26. Qh4 Qc6 27.
Re7 Rf8 28. a3 Rg5 29. Rd1 Rd5 30. Rg1 g5 31. Qh3 Rdf5 32. Rge1 Rf3 33. Qg4 Rf1
34. Rxf1 Rxf1+ 35. Ka2 Rf6 36. Qd4 Rf7 37. Re5 b6 38. Rd5 Kh7 39. Rd6 Qc5 40.
Qe4+ Qf5 41. Qxc4 Rd7 42. Rxd7+ Qxd7 43. Qe4+ Kg7 44. c4 Kf6 45. b4 h5 46. Qf3+
Qf5 47. Qc3+ Qe5 48. Qf3+ Qf5 49. Qc3+ Ke6 50. c5 Qe5 51. Qb3+ Qd5 52. c4 Qd2+
53. Kb1 Qe1+ 54. Kc2 Qf2+ 55. Kd1 Qd4+ 56. Ke1 Qe5+ 57. Kf2 bxc5 58. b5 g4 59.
Qe3 g3+ 60. Qxg3 Qd4+ 61. Kg2 h4 62. Qg6+ Ke5 63. Qg5+ Ke4 64. Qxh4+ Kd3 65.
Qh7+ Kxc4 66. Qxa7 Qb2+ 67. Kf3 Qxb5 68. a4 Qc6+ 69. Ke3 Qe6+ 70. Kf4 Qf6+ 71.
Ke4 Qd4+ 72. Kf5 Kd3 73. a5 Qd5+ 74. Kf4 Qd6+ 75. Kf5 c4 76. a6 c3 77. Qb7 Qc5+
78. Kg4 Qd4+ 79. Kg3 Qe3+ 80. Kg4 Qe6+ 81. Kg3 Qd6+ 82. Kf3 Qf8+ 83. Kg2 c2 84.
Qd5+ Kc3 85. Qc6+ Kd2 86. Qd5+ Kc1 87. Qg5+ Kb2 88. Qb5+ Ka3 89. Qd3+ Kb2 90.
Qb5+ Ka3 91. Qd3+ 1/2-1/2